|
|
|
|
| LEADER |
00000nab#a22000007a#4500 |
| 001 |
arbauad023423 |
| 003 |
AR-BaUAD |
| 005 |
20250711111959.0 |
| 008 |
961114|||||||||###||||||b###|0###a|spa|| |
| 040 |
|
|
|a AR-BaUAD
|c AR-BaUAD
|b spa
|
| 100 |
|
|
|a Hanna, Annetta
|
| 245 |
|
|
|a Consumer /
|c Annetta Hanna;
|
| 300 |
0 |
|
|b fot.
|
| 653 |
|
|
|a ESTADOS UNIDOS
|
| 653 |
|
|
|a CONCURSOS
|
| 653 |
|
|
|a EQUIPOS
|
| 653 |
|
|
|a AUDIO
|
| 653 |
|
|
|a PARLANTES
|
| 653 |
|
|
|a AUTOESTEREOS
|
| 653 |
|
|
|a DISEÑO DE INDUMENTARIA
|
| 653 |
|
|
|a ACCESORIOS
|
| 653 |
|
|
|a ANTEOJOS
|
| 653 |
|
|
|a RELOJES PULSERA
|
| 653 |
|
|
|a VALIJAS
|
| 653 |
|
|
|a MEDIOS DE TRANSPORTE
|
| 653 |
|
|
|a CASAS RODANTES
|
| 653 |
|
|
|a EQUIPAMIENTO
|
| 653 |
|
|
|a COCINAS
|
| 653 |
|
|
|a ELECTRODOMESTICOS
|
| 653 |
|
|
|a CAFETERAS
|
| 653 |
|
|
|a CUCHILLOS
|
| 653 |
|
|
|a CUENCOS
|
| 653 |
|
|
|a OFICINAS
|
| 653 |
|
|
|a COMPUTADORAS
|
| 653 |
|
|
|a IMPRESORAS
|
| 653 |
|
|
|a UTENSILIOS
|
| 653 |
|
|
|a LINTERNAS
|
| 653 |
|
|
|a PANELES
|
| 653 |
|
|
|a ENERGIA SOLAR
|
| 653 |
|
|
|a FOTOGRAFIA
|
| 653 |
|
|
|a ARTEFACTOS
|
| 653 |
|
|
|a ILUMINACION
|
| 653 |
|
|
|a LUMINARIAS
|
| 653 |
|
|
|a LAMPARAS
|
| 653 |
|
|
|a FILTROS
|
| 653 |
|
|
|a PESCA
|
| 653 |
|
|
|a DISEÑO INDUSTRIAL
|
| 773 |
0 |
|
|t I.D.
|g [jul.-ago. 1987], p. 80-103
|
| 942 |
|
|
|c ARTI
|
| 952 |
|
|
|0 0
|1 0
|4 0
|7 0
|9 68342
|a AR-BAuAD
|b AR-BAuAD
|d 2025-07-11
|l 0
|p AAQA023423
|r 2025-07-11 11:19:59
|w 2025-07-11
|y ARTI
|
| 990 |
|
|
|a DI198
|b TD
|
| 990 |
|
|
|a DT198
|b TD
|
| 998 |
|
|
|a AAQ
|b BIBUN76
|
| 999 |
|
|
|c 48015
|d 48015
|